Οδηγός σπουδών 2001-2002

Αποθηκεύτηκε σε:
Λεπτομέρειες βιβλιογραφικής εγγραφής
Συγγραφή απο Οργανισμό/Αρχή: Πανεπιστήμιο Αιγαίου. Τμήμα Πληροφοριακών και Επικοινωνιακών Συστημάτων
Μορφή: Βιβλίο
Γλώσσα:Greek
Δημοσίευση: Σάμος : Πανεπιστήμιο Αιγαίου - Τμήμα Πληροφοριακών και Επικοινωνιακών Συστημάτων, 2001
Θέματα:
Ετικέτες: Προσθήκη ετικέτας
Δεν υπάρχουν, Καταχωρήστε ετικέτα πρώτοι!

MARC

LEADER 00000cam a2200000 i 4500
001 1/61273
008 020409s2001 gre d
035 |l 10000827 
040 |a GR-MY-UA  |b gre  |e aacr 
041 0 |a gre 
082 0 |a 378.0025 
110 1 |a Πανεπιστήμιο Αιγαίου.  |b Τμήμα Πληροφοριακών και Επικοινωνιακών Συστημάτων. 
245 1 0 |a Οδηγός σπουδών 2001-2002 
260 |a Σάμος :   |b Πανεπιστήμιο Αιγαίου - Τμήμα Πληροφοριακών και Επικοινωνιακών Συστημάτων,   |c 2001 
300 |a 63 σ.  |b εικ. 
650 0 0 |a Universities and colleges  |x Graduate Work  |x Directories. 
852 |a INST  |b CHIOS  |e 20020409  |h 378.0025 ΟΔΗ  |p 005200019782  |q 005200019782  |t REF  |y 23 
901 |a BIBL2-2002-1 
909 |a Χ  |b 099939 
970 |a ΠΟΥΛΑΚΗ  |b ΠΑΝΩΡΑΙΑ  |z 2002/04/09